Normal view
MARC view
Entry Personal Name
001 - CONTROL NUMBER
- control field: 6959
003 - CONTROL NUMBER IDENTIFIER
- control field: BD-DhEWU
005 - DATE AND TIME OF LATEST TRANSACTION
- control field: 20140407144812.0
008 - FIXED-LENGTH DATA ELEMENTS
- fixed length control field: 140407|| aca||aabn | a|a d
040 ## - CATALOGING SOURCE
- Original cataloging agency: BD-DhEWU
- Transcribing agency: BD-DhEWU
100 ## - HEADING--PERSONAL NAME
- Personal name: Hussain, S. M. Zakir
670 ## - SOURCE DATA FOUND
- Source citation: Work cat.: (BD-DhEWU)5014: Hussain, S. M. Zakir , Pre-IELTS grammar /, 2003